000 00403nam a2200157Ia 4500
008 210716s2008 xx 000 0 und d
020 _a97881744664024
041 _aeng
082 _a658.802 MATU
100 _aMathur,U C.
245 _aRural marketing: text and cases.
_bText and cases.
250 _a1
260 _aNew Delhi
_bExcel Books
_c2008
300 _axii,496
650 _aRural Marketing
999 _c203232
_d203232